Statutory nuisance (6): section 82 proceedings (Record no. 69480)
[ view plain ]
| 000 -LEADER | |
|---|---|
| fixed length control field | 00905cam a2200241 4500 |
| 001 - CONTROL NUMBER | |
| control field | ABS65061 |
| 008 - FIXED-LENGTH DATA ELEMENTS--GENERAL INFORMATION | |
| fixed length control field | 020208n2001 000 0 eng u |
| 035 ## - SYSTEM CONTROL NUMBER | |
| System control number | (Sirsi) u116668 |
| 100 ## - MAIN ENTRY--PERSONAL NAME | |
| Personal name | McCracken, R |
| 245 ## - TITLE STATEMENT | |
| Title | Statutory nuisance (6): section 82 proceedings |
| 260 ## - PUBLICATION, DISTRIBUTION, ETC. | |
| Date of publication, distribution, etc. | 2001 |
| 490 ## - SERIES STATEMENT | |
| Series statement | Solicitors' Journal |
| Volume/sequential designation | 145(47) |
| 520 ## - SUMMARY, ETC. | |
| Summary, etc. | A look at proceedings brought by an individual under the Environmental Protection Act 1990 s82. S82 gives any person aggrieved by the existence of a statutory nuisance a right to take proceedings in the magistrates' court. Describes the procedures that need to be followed with reference to case law. |
| 590 ## - LOCAL NOTE (RLIN) | |
| Local note | ABS |
| 650 ## - SUBJECT ADDED ENTRY--TOPICAL TERM | |
| Topical term or geographic name entry element | ENVIRONMENTAL PROTECTION ACT 1990 S82 |
| 650 ## - SUBJECT ADDED ENTRY--TOPICAL TERM | |
| Topical term or geographic name entry element | STATUTORY NUISANCE |
| 650 ## - SUBJECT ADDED ENTRY--TOPICAL TERM | |
| Topical term or geographic name entry element | LEGAL PROCEEDINGS |
| 650 ## - SUBJECT ADDED ENTRY--TOPICAL TERM | |
| Topical term or geographic name entry element | AGGRIEVED PERSON |
| 690 ## - LOCAL SUBJECT ADDED ENTRY--TOPICAL TERM (OCLC, RLIN) | |
| Topical term or geographic name as entry element | LAW-UK |
| 700 ## - ADDED ENTRY--PERSONAL NAME | |
| Personal name | Jones, G |
| 700 ## - ADDED ENTRY--PERSONAL NAME | |
| Personal name | Pereira, J |
| 942 ## - ADDED ENTRY ELEMENTS (KOHA) | |
| Suppress in OPAC | 0 |
| Withdrawn status | Lost status | Source of classification or shelving scheme | Damaged status | Not for loan | Home library | Current library | Shelving location | Date acquired | Total Checkouts | Full call number | Barcode | Date last seen | Copy number | Price effective from | Koha item type |
|---|---|---|---|---|---|---|---|---|---|---|---|---|---|---|---|
| Dewey Decimal Classification | London | London | Journal article | 08/02/2002 | ABS65061 | 116668-1001 | 06/08/2019 | 1 | 06/08/2019 | Journal article |